[Event "Torneo Ciudad de Berazategui 2007"]
[Site "Berazategui ARG"]
[Date "2007.04.21"]
[Round "4.10"]
[White "Fernandez Sanchez, Fernando"]
[Black "Real De Azua, Ernesto"]
[Result "1-0"]
[WhiteElo "2207"]
[BlackElo "2450"]
[PlyCount "107"]
[EventDate "2007.04.18"]
[EventType "swiss"]
[EventRounds "7"]
[EventCountry "ARG"]
[Source "lmi"]
[SourceDate "2007.04.19"]

1. d4 e6 2. Nf3 Nf6 3. g3 b5 4. Bg2 d5 5. O-O Bb7 6. Nbd2 Nbd7 7. Nb3 a5 8. Bd2
c5 9. Qe1 b4 10. dxc5 Nxc5 11. Ne5 Nce4 12. Be3 a4 13. Nd2 Qc7 14. Nd3 a3 15.
Nxe4 dxe4 16. Nxb4 axb2 17. Rb1 Nd5 18. Nxd5 Bxd5 19. Bd4 Rxa2 20. Rxb2 Rxb2
21. Bxb2 f6 22. Qa1 Bc5 23. c4 Bc6 24. Bxf6 gxf6 25. Qxf6 Rf8 26. Qxe6+ Be7 27.
Bxe4 Rf6 28. Bxc6+ Qxc6 29. Qg8+ Rf8 30. Qxh7 Qxc4 31. Qh5+ Rf7 32. Rb1 Bd6 33.
Qh8+ Rf8 34. Qh5+ Rf7 35. Qh8+ Rf8 36. Qh5+ Rf7 37. Ra1 Qe4 38. Rd1 Qe6 39. e3
Ke7 40. Rb1 Qe4 41. Ra1 Ke6 42. Rd1 Qf3 43. Qg6+ Rf6 44. Qe8+ Be7 45. Rd2 Rf8
46. Qd7+ Kf7 47. Rd4 Rd8 48. Qg4 Qxg4 49. Rxg4 Ke6 50. Re4+ Kf6 51. Kg2 Rd2 52.
Rc4 Rb2 53. h3 Ke5 54. h4 1-0

[Event "Torneo Ciudad de Berazategui 2007"]
[Site "Berazategui ARG"]
[Date "2007.04.21"]
[Round "5.1"]
[White "Rodriguez Vila, Andres"]
[Black "Flores, Diego"]
[Result "1-0"]
[WhiteElo "2559"]
[BlackElo "2543"]
[PlyCount "131"]
[EventDate "2007.04.18"]
[EventType "swiss"]
[EventRounds "7"]
[EventCountry "ARG"]
[Source "lmi"]
[SourceDate "2007.04.19"]

1. e4 d5 2. exd5 Qxd5 3. Nc3 Qa5 4. d4 Nf6 5. Bc4 c6 6. Qe2 Bf5 7. Bd2 e6 8. d5
cxd5 9. Nxd5 Qd8 10. Nxf6+ Qxf6 11. Nf3 Nc6 12. O-O-O Ba3 13. c3 Be7 14. Bg5
Qg6 15. Bxe7 Kxe7 16. Qe3 Rhd8 17. Nh4 Qg4 18. Qc5+ Kf6 19. Nxf5 Qxf5 20. Qxf5+
Kxf5 21. Bd3+ Kf6 22. Be4 h6 23. Bxc6 bxc6 24. Rhe1 Kf5 25. f3 Rd5 26. c4 Rdd8
27. Re3 Rxd1+ 28. Kxd1 Rd8+ 29. Kc2 Rd7 30. Ra3 g5 31. Ra6 Rc7 32. Ra5+ Kf4 33.
Rc5 Ke3 34. Kc3 Kf2 35. b4 Kxg2 36. b5 Kxf3 37. Rxc6 Rb7 38. a4 h5 39. c5 g4
40. Rc8 h4 41. c6 Re7 42. a5 e5 43. b6 axb6 44. axb6 e4 45. b7 e3 46. Ra8 e2
47. Ra1 e1=Q+ 48. Rxe1 Rxe1 49. b8=Q g3 50. hxg3 hxg3 51. Kd2 Re2+ 52. Kd1 g2
53. Qb3+ Re3 54. Qxf7+ Kg3 55. Qg7+ Kf2 56. c7 g1=Q+ 57. Qxg1+ Kxg1 58. c8=Q
Kg2 59. Kd2 Rf3 60. Qg4+ Rg3 61. Qe2+ Kh3 62. Qh5+ Kg2 63. Ke2 Rh3 64. Qd5+ Kg1
65. Qg5+ Kh1 66. Kf2 1-0

[Event "Torneo Ciudad de Berazategui 2007"]
[Site "Berazategui ARG"]
[Date "2007.04.21"]
[Round "5.4"]
[White "Contin, Daniel"]
[Black "Lafuente, Pablo"]
[Result "0-1"]
[WhiteElo "2327"]
[BlackElo "2447"]
[PlyCount "78"]
[EventDate "2007.04.18"]
[EventType "swiss"]
[EventRounds "7"]
[EventCountry "ARG"]
[Source "lmi"]
[SourceDate "2007.04.19"]

1. c4 e5 2. Nc3 Nf6 3. Nf3 Nc6 4. g3 Nd4 5. Bg2 Nxf3+ 6. Bxf3 Bb4 7. Qb3 a5 8.
a3 Bc5 9. d3 h6 10. O-O O-O 11. e3 d6 12. Rd1 Qe7 13. d4 Bb6 14. dxe5 dxe5 15.
Nd5 Nxd5 16. cxd5 e4 17. Be2 Bc5 18. Bd2 Bd6 19. Bc3 Qg5 20. Rd4 Qg6 21. Qd1
Rd8 22. Rc1 Bd7 23. a4 Re8 24. b3 Re5 25. Rc4 Rg5 26. Be1 Qf5 27. Rxc7 Bxc7 28.
Rxc7 b6 29. Rb7 Bc8 30. Rxb6 Qxd5 31. Qc2 Bh3 32. b4 Rc8 33. Qb2 axb4 34. Rxb4
Qd8 35. Rb6 Qd7 36. Rb4 Rgc5 37. Rd4 Rc1 38. Qb4 Qxa4 39. Qd2 R8c2 0-1

[Event "Torneo Ciudad de Berazategui 2007"]
[Site "Berazategui ARG"]
[Date "2007.04.21"]
[Round "5.5"]
[White "Mahia, Gustavo"]
[Black "Barrionuevo, Pablo"]
[Result "1-0"]
[WhiteElo "2414"]
[BlackElo "2301"]
[PlyCount "119"]
[EventDate "2007.04.18"]
[EventType "swiss"]
[EventRounds "7"]
[EventCountry "ARG"]
[Source "lmi"]
[SourceDate "2007.04.19"]

1. d4 Nf6 2. Nf3 g6 3. Bg5 Bg7 4. Nbd2 d6 5. e4 O-O 6. Bd3 Nc6 7. c3 e5 8. d5
Ne7 9. O-O Nh5 10. Re1 h6 11. Bh4 Nf4 12. Bc2 g5 13. Bg3 Neg6 14. Nc4 Qf6 15.
Ne3 h5 16. Nf5 Ne7 17. Bxf4 gxf4 18. N3h4 Nxf5 19. Nxf5 Bxf5 20. exf5 Qg5 21.
Be4 Bf6 22. a4 Kh8 23. a5 a6 24. Ra4 Rg8 25. Rb4 Rab8 26. Qb3 f3 27. g3 h4 28.
Qd1 hxg3 29. hxg3 Rg7 30. Qxf3 Rh7 31. Kf1 Qd2 32. Qe3 Qxe3 33. Rxe3 Bd8 34.
Re1 f6 35. Kg2 Kg8 36. Bd3 b5 37. axb6 Rxb6 38. Rxb6 cxb6 39. Bxa6 Ra7 40. Bb5
Ra2 41. Re2 Ra5 42. Bc6 Ra2 43. Kf3 Kh7 44. Kg4 Bc7 45. Be8 Ra8 46. Bc6 Ra2 47.
f4 Kg7 48. Kf3 Ra1 49. Bd7 Rf1+ 50. Kg2 Ra1 51. Kf3 Rf1+ 52. Ke4 Rg1 53. Re3
Rb1 54. b4 Rc1 55. Kd3 Kf7 56. Kc4 Kg7 57. Be6 Rf1 58. Kb5 Rg1 59. Kc6 Bd8 60.
fxe5 1-0

[Event "Torneo Ciudad de Berazategui 2007"]
[Site "Berazategui ARG"]
[Date "2007.04.21"]
[Round "5.9"]
[White "Mussanti, Diego"]
[Black "Hungaski, Robert Andrew"]
[Result "1/2-1/2"]
[WhiteElo "2317"]
[BlackElo "2379"]
[PlyCount "72"]
[EventDate "2007.04.18"]
[EventType "swiss"]
[EventRounds "7"]
[EventCountry "ARG"]
[Source "lmi"]
[SourceDate "2007.04.19"]

1. e4 e5 2. Nf3 Nc6 3. d4 exd4 4. Nxd4 Nf6 5. Nxc6 bxc6 6. e5 Qe7 7. Qe2 Nd5 8.
c4 Ba6 9. g3 g6 10. b3 Bg7 11. Bb2 O-O-O 12. Bg2 Rhe8 13. O-O Bxe5 14. Qxe5
Qxe5 15. Bxe5 Rxe5 16. cxd5 Bxf1 17. Kxf1 cxd5 18. Nc3 c6 19. Rc1 Kb7 20. Na4
a5 21. Bf3 Ra8 22. Nc5+ Kc7 23. Nd3 Rf5 24. Bg4 Rf6 25. Ne5 Rd8 26. h4 h6 27.
Kg2 g5 28. hxg5 hxg5 29. Rh1 Kd6 30. Nf3 Rg6 31. Rh7 f6 32. Bf5 Rgg8 33. Rh6
Rdf8 34. Rh7 Rd8 35. Rh6 Rdf8 36. Rh7 Rd8 1/2-1/2

[Event "Torneo Ciudad de Berazategui 2007"]
[Site "Berazategui ARG"]
[Date "2007.04.22"]
[Round "6.1"]
[White "Felgaer, Ruben"]
[Black "Rodriguez Vila, Andres"]
[Result "1-0"]
[WhiteElo "2574"]
[BlackElo "2559"]
[PlyCount "61"]
[EventDate "2007.04.18"]
[EventType "swiss"]
[EventRounds "7"]
[EventCountry "ARG"]
[Source "lmi"]
[SourceDate "2007.04.19"]

1. e4 e6 2. d4 d5 3. Nc3 Bb4 4. e5 c5 5. a3 Bxc3+ 6. bxc3 Nc6 7. Qg4 g6 8. a4
Qc7 9. Bb5 Bd7 10. Ne2 cxd4 11. cxd4 Nb4 12. O-O Nxc2 13. Rb1 Rc8 14. Rb3 Bxb5
15. axb5 Qa5 16. b6 a6 17. Qf4 h6 18. Bd2 Qa4 19. Rf3 Rh7 20. Rc1 Qd7 21. Rc3
Rxc3 22. Nxc3 Na3 23. Nxd5 Qxd5 24. Rc8+ Kd7 25. Rc7+ Ke8 26. Bb4 Nb5 27. Qc1
Rg7 28. Rc8+ Kd7 29. Rc7+ Nxc7 30. Qxc7+ Ke8 31. Bd6 1-0

[Event "Torneo Ciudad de Berazategui 2007"]
[Site "Berazategui ARG"]
[Date "2007.04.22"]
[Round "6.2"]
[White "Flores, Diego"]
[Black "Lemos, Damian"]
[Result "1/2-1/2"]
[WhiteElo "2543"]
[BlackElo "2422"]
[PlyCount "79"]
[EventDate "2007.04.18"]
[EventType "swiss"]
[EventRounds "7"]
[EventCountry "ARG"]
[Source "lmi"]
[SourceDate "2007.04.19"]

1. c4 g6 2. Nc3 Bg7 3. g3 Nf6 4. Bg2 O-O 5. e4 d6 6. Nge2 c5 7. O-O Nc6 8. a3
Bd7 9. Rb1 a5 10. h3 Ne8 11. f4 Nc7 12. f5 Nd4 13. g4 e6 14. Nxd4 cxd4 15. Ne2
d3 16. Nf4 exf5 17. gxf5 gxf5 18. Qh5 fxe4 19. Bxe4 f5 20. Bg2 Be8 21. Qf3 Bc6
22. Qxd3 Qg5 23. Kh1 Bxg2+ 24. Nxg2 f4 25. Qf3 Ne6 26. d3 Nd4 27. Qf2 Rae8 28.
Nxf4 Kh8 29. Be3 Rxe3 30. Qxe3 Nf5 31. Rg1 Nxe3 32. Rxg5 Rxf4 33. Rbg1 Nf5 34.
R1g4 Rf1+ 35. Rg1 Rf3 36. R1g4 Rf1+ 37. Rg1 Rf2 38. R1g2 Rf3 39. R2g4 Rf1+ 40.
Rg1 1/2-1/2

[Event "Torneo Ciudad de Berazategui 2007"]
[Site "Berazategui ARG"]
[Date "2007.04.22"]
[Round "6.4"]
[White "Lafuente, Pablo"]
[Black "Mareco, Sandro"]
[Result "1/2-1/2"]
[WhiteElo "2447"]
[BlackElo "2418"]
[PlyCount "32"]
[EventDate "2007.04.18"]
[EventType "swiss"]
[EventRounds "7"]
[EventCountry "ARG"]
[Source "lmi"]
[SourceDate "2007.04.19"]

1. d4 Nf6 2. c4 e6 3. Nc3 Bb4 4. Qc2 c5 5. dxc5 Qc7 6. Nf3 a6 7. g3 Bxc5 8. Bf4
d6 9. Bg2 h6 10. O-O e5 11. Bd2 Be6 12. Rac1 Nc6 13. b3 Rc8 14. e3 Qd7 15. Qd3
O-O 16. Nd5 Bxd5 1/2-1/2

[Event "Torneo Ciudad de Berazategui 2007"]
[Site "Berazategui ARG"]
[Date "2007.04.22"]
[Round "6.5"]
[White "Fernandez Sanchez, Fernando"]
[Black "Mahia, Gustavo"]
[Result "0-1"]
[WhiteElo "2207"]
[BlackElo "2414"]
[PlyCount "112"]
[EventDate "2007.04.18"]
[EventType "swiss"]
[EventRounds "7"]
[EventCountry "ARG"]
[Source "lmi"]
[SourceDate "2007.04.19"]

1. d4 d5 2. c4 c6 3. Nf3 Nf6 4. e3 e6 5. Bd3 Nbd7 6. O-O Bd6 7. Nc3 O-O 8. Qc2
Qe7 9. b3 e5 10. cxd5 cxd5 11. e4 dxe4 12. Nxe4 Nxe4 13. Bxe4 Nf6 14. Bg5 h6
15. Bxf6 Qxf6 16. dxe5 Bxe5 17. Nxe5 Qxe5 18. Rfe1 Qa5 19. Rac1 Rd8 20. Qc7
Qxc7 21. Rxc7 Rb8 22. h3 a5 23. Bf3 Be6 24. Bg4 Bxg4 25. hxg4 Rdc8 26. Rd7 Rd8
27. Rc7 Rdc8 28. Ree7 Rxc7 29. Rxc7 Rd8 30. Rxb7 Rd1+ 31. Kh2 Rd2 32. a4 Rxf2
33. Rb5 Rb2 34. Rxa5 Rxb3 35. Ra7 f6 36. a5 Kh7 37. a6 Ra3 38. Kg1 Ra4 39. Kf2
Rxg4 40. Rb7 Ra4 41. a7 h5 42. Ke3 Kh6 43. Kd3 h4 44. Kc3 g5 45. Kb3 Ra1 46.
Kb4 Kh5 47. Kc5 Kg4 48. Kb6 Kg3 49. Rf7 Kxg2 50. Rxf6 g4 51. Rf4 Kg3 52. Rf5
Rxa7 53. Kxa7 h3 54. Kb6 h2 55. Rh5 Kg2 56. Rh4 g3 0-1

[Event "Torneo Ciudad de Berazategui 2007"]
[Site "Berazategui ARG"]
[Date "2007.04.22"]
[Round "6.7"]
[White "Alonso, Salvador"]
[Black "Orsini, Antonio"]
[Result "0-1"]
[WhiteElo "2411"]
[BlackElo "2362"]
[PlyCount "72"]
[EventDate "2007.04.18"]
[EventType "swiss"]
[EventRounds "7"]
[EventCountry "ARG"]
[Source "lmi"]
[SourceDate "2007.04.19"]

1. e4 e6 2. d4 d5 3. Nc3 Nf6 4. e5 Nfd7 5. f4 c5 6. Nf3 Nc6 7. Be3 cxd4 8. Nxd4
Bc5 9. Qd2 O-O 10. g3 Qe7 11. Bg2 Nb6 12. Qf2 Bxd4 13. Bxd4 Qb4 14. O-O-O Nc4
15. Ne2 Nxd4 16. Qxd4 Bd7 17. Rd3 Rfc8 18. a3 Qa5 19. f5 b5 20. fxe6 fxe6 21.
Bxd5 exd5 22. Qxd5+ Kh8 23. Qxd7 Nxe5 24. Qd4 Nxd3+ 25. Qxd3 b4 26. Rf1 bxa3
27. bxa3 Rab8 28. h3 Qb6 29. Rf4 Rd8 30. Nd4 Qb1+ 31. Kd2 h6 32. h4 Qh1 33. Qe3
Rb1 34. Qf2 Qd1+ 35. Ke3 Re8+ 36. Re4 Qe1+ 0-1

[Event "Torneo Ciudad de Berazategui 2007"]
[Site "Berazategui ARG"]
[Date "2007.04.22"]
[Round "6.8"]
[White "Goldwaser, Cristian"]
[Black "Claverie, Raul"]
[Result "1/2-1/2"]
[WhiteElo "2350"]
[BlackElo "2409"]
[PlyCount "57"]
[EventDate "2007.04.18"]
[EventType "swiss"]
[EventRounds "7"]
[EventCountry "ARG"]
[Source "lmi"]
[SourceDate "2007.04.19"]

1. d4 e6 2. c4 f5 3. g3 Nf6 4. Bg2 c6 5. Nf3 d5 6. O-O Bd6 7. b3 Qe7 8. Ne5 O-O
9. Bb2 b6 10. Nd2 Bb7 11. cxd5 exd5 12. Rc1 Rc8 13. Qc2 g6 14. f3 c5 15. f4
Nbd7 16. Qd3 cxd4 17. Nxd7 Nxd7 18. Bxd4 Nc5 19. Qf3 Ne4 20. Qe3 Ba3 21. Rxc8+
Rxc8 22. Bxe4 dxe4 23. Nc4 Ba6 24. Nxa3 Qxa3 25. Qd2 Rd8 26. Rd1 Qd6 27. Qb2 e3
28. Qc2 Bb7 29. Qc4+ 1/2-1/2

[Event "Torneo Ciudad de Berazategui 2007"]
[Site "Berazategui ARG"]
[Date "2007.04.22"]
[Round "6.9"]
[White "Della Morte, Pablo"]
[Black "Dos Santos, Ramiro"]
[Result "0-1"]
[WhiteElo "2302"]
[BlackElo "2393"]
[PlyCount "55"]
[EventDate "2007.04.18"]
[EventType "swiss"]
[EventRounds "7"]
[EventCountry "ARG"]
[Source "lmi"]
[SourceDate "2007.04.19"]

1. e4 c5 2. Nf3 Nc6 3. d4 cxd4 4. Nxd4 Nf6 5. Nc3 d6 6. f3 Nxd4 7. Qxd4 g6 8.
Bg5 Bg7 9. O-O-O O-O 10. Qb4 a5 11. Qa3 Be6 12. Nb5 Qc8 13. Kb1 a4 14. c4 Re8
15. g4 Nd7 16. Rc1 Ne5 17. h3 Qd7 18. f4 Nxc4 19. Rxc4 Qxb5 20. Rb4 Qc5 21. Bb5
Rec8 22. f5 Qc2+ 23. Ka1 Bb3 24. Bd7 Qg2 25. Rb1 Bc2 26. Rc1 Rc7 27. Bb5 Rac8
28. Qe3 0-1

[Event "Torneo Ciudad de Berazategui 2007"]
[Site "Berazategui ARG"]
[Date "2007.04.22"]
[Round "6.10"]
[White "Hungaski, Robert Andrew"]
[Black "Blit, Jacques"]
[Result "1-0"]
[WhiteElo "2379"]
[BlackElo "2256"]
[PlyCount "79"]
[EventDate "2007.04.18"]
[EventType "swiss"]
[EventRounds "7"]
[EventCountry "ARG"]
[Source "lmi"]
[SourceDate "2007.04.19"]

1. e4 c5 2. Nf3 Nc6 3. d4 cxd4 4. Nxd4 e5 5. Nb5 d6 6. c4 Be7 7. N1c3 a6 8. Na3
f5 9. exf5 Bxf5 10. Be2 Nf6 11. Be3 O-O 12. O-O Qd7 13. Qd2 Kh8 14. Rfd1 Nb4
15. Rac1 b5 16. Nab1 bxc4 17. Bxc4 Rfc8 18. Bf1 Be6 19. a3 Nbd5 20. Nxd5 Nxd5
21. Bg5 Nf6 22. Rxc8+ Rxc8 23. Nc3 Bb3 24. Re1 a5 25. Bd3 Nh5 26. g3 Nf4 27.
Bxf4 exf4 28. Qxf4 g6 29. Qd4+ Kg8 30. Bb5 Qc7 31. Nd5 Bxd5 32. Qxd5+ Kg7 33.
Re6 Rf8 34. Kg2 Rf5 35. Qe4 Bf6 36. Be2 Qc5 37. Bf3 Re5 38. Qb7+ Kh6 39. Rxf6
Re1 40. Rf7 1-0

[Event "Torneo Ciudad de Berazategui 2007"]
[Site "Berazategui ARG"]
[Date "2007.04.22"]
[Round "7.3"]
[White "Dos Santos, Ramiro"]
[Black "Flores, Diego"]
[Result "1-0"]
[WhiteElo "2393"]
[BlackElo "2543"]
[PlyCount "90"]
[EventDate "2007.04.18"]
[EventType "swiss"]
[EventRounds "7"]
[EventCountry "ARG"]
[Source "lmi"]
[SourceDate "2007.04.19"]

1. e4 c5 2. Nf3 e6 3. c3 Nf6 4. e5 Nd5 5. d4 cxd4 6. cxd4 d6 7. Bc4 Nb6 8. Bb3
dxe5 9. Nxe5 Nc6 10. Nxc6 bxc6 11. O-O Be7 12. Nc3 O-O 13. Qd3 a5 14. Bc2 g6
15. Rd1 Ba6 16. Qf3 Rc8 17. Bh6 Re8 18. Ne4 Bc4 19. Qc3 Bd5 20. Qxa5 Ra8 21.
Qe1 Qb8 22. b3 Nd7 23. Qe3 Ra3 24. Bf4 Qa7 25. Nc3 Ra8 26. Rac1 Nf6 27. Bb1 Qd7
28. h3 Qb7 29. Qe2 c5 30. Nxd5 Nxd5 31. Qf3 cxd4 32. Be5 Rd8 33. Rxd4 Qb6 34.
Rdc4 Raa8 35. h4 Bd6 36. Bd4 Qa5 37. Be4 Re8 38. Ra4 Rac8 39. Rd1 Qd8 40. Bxd5
exd5 41. Ra7 Be7 42. Be3 Qd6 43. g3 Rc6 44. Bd4 Rf8 45. Re1 Bf6 1-0

[Event "Torneo Ciudad de Berazategui 2007"]
[Site "Berazategui ARG"]
[Date "2007.04.22"]
[Round "7.4"]
[White "Orsini, Antonio"]
[Black "Lafuente, Pablo"]
[Result "0-1"]
[WhiteElo "2362"]
[BlackElo "2447"]
[PlyCount "56"]
[EventDate "2007.04.18"]
[EventType "swiss"]
[EventRounds "7"]
[EventCountry "ARG"]
[Source "lmi"]
[SourceDate "2007.04.19"]

1. e4 c6 2. d4 d5 3. e5 Bf5 4. Nc3 e6 5. g4 Bg6 6. Nge2 Be7 7. Bg2 c5 8. O-O
Nc6 9. f4 cxd4 10. Nxd4 Bc5 11. Be3 Nge7 12. Nce2 Be4 13. Qd2 Bxg2 14. Kxg2
Bxd4 15. Nxd4 Nxd4 16. Bxd4 h5 17. h3 Nc6 18. Rh1 Rc8 19. c3 Qa5 20. Qd3 Nxd4
21. cxd4 Qb4 22. Rab1 hxg4 23. hxg4 Rxh1 24. Kxh1 Rc4 25. Qh7 Rxd4 26. b3 Rxf4
27. Qh8+ Kd7 28. Rc1 Qe4+ 0-1

[Event "Torneo Ciudad de Berazategui 2007"]
[Site "Berazategui ARG"]
[Date "2007.04.22"]
[Round "7.8"]
[White "Real De Azua, Ernesto"]
[Black "Recoulat, Eduardo J"]
[Result "1/2-1/2"]
[WhiteElo "2450"]
[BlackElo "2261"]
[PlyCount "108"]
[EventDate "2007.04.18"]
[EventType "swiss"]
[EventRounds "7"]
[EventCountry "ARG"]
[Source "lmi"]
[SourceDate "2007.04.19"]

1. e4 c6 2. d4 d5 3. exd5 cxd5 4. c4 Nf6 5. Nc3 e6 6. Nf3 Bb4 7. cxd5 Nxd5 8.
Qc2 Nc6 9. Be2 O-O 10. O-O Be7 11. a3 Nf6 12. Rd1 Bd7 13. Bd3 Rc8 14. Be3 g6
15. Qe2 a6 16. Ne5 Nd5 17. Nxd5 exd5 18. f4 Bf6 19. Rac1 Qe7 20. Qf3 Qd6 21. g4
Bg7 22. Bb1 f5 23. Ba2 Be6 24. g5 Rc7 25. Rc3 Rfc8 26. Rdc1 Ne7 27. Rc5 b6 28.
Rxc7 Rxc7 29. Rxc7 Qxc7 30. Qf1 b5 31. Qc1 Qb6 32. Kf2 Kf8 33. Qc3 Ke8 34. h4
Kd8 35. Nd3 Nc8 36. Nc5 Bf7 37. Bb1 Nd6 38. b3 Bf8 39. Bd3 Bg7 40. Qb4 Bf8 41.
Bd2 Be7 42. Qa5 Qxa5 43. Bxa5+ Kc8 44. Nxa6 Ne4+ 45. Bxe4 dxe4 46. Bb4 Kb7 47.
Bxe7 Kxa6 48. d5 Bxd5 49. b4 Kb7 50. Ke3 Kc6 51. Kd4 Bb3 52. Bc5 Kd7 53. Ke5
Kc6 54. Kf6 Bd1 1/2-1/2

[Event "Torneo Ciudad de Berazategui 2007"]
[Site "Berazategui ARG"]
[Date "2007.04.22"]
[Round "7.9"]
[White "Claverie, Raul"]
[Black "Cori Tello, Jorge"]
[Result "1/2-1/2"]
[WhiteElo "2409"]
[BlackElo "2219"]
[PlyCount "114"]
[EventDate "2007.04.18"]
[EventType "swiss"]
[EventRounds "7"]
[EventCountry "ARG"]
[Source "lmi"]
[SourceDate "2007.04.19"]

1. d3 Nf6 2. g3 g6 3. Bg2 Bg7 4. f4 d5 5. Nf3 c5 6. O-O O-O 7. Nc3 Nc6 8. b3 d4
9. Ne4 Nxe4 10. dxe4 b6 11. Qe1 Ba6 12. e5 Qd7 13. Ng5 f6 14. Bh3 f5 15. Rf2 h6
16. Nf3 Rad8 17. e4 e6 18. exf5 exf5 19. Bd2 Rde8 20. Bf1 Bxf1 21. Qxf1 Qd5 22.
Rd1 Rd8 23. a3 Qe6 24. h3 Rd7 25. Rg2 Ne7 26. Kh2 Nd5 27. Qa6 Nc7 28. Qf1 Nd5
29. Qd3 h5 30. Rdg1 Bh6 31. Nh4 Rg7 32. Nf3 Rd7 33. Kh1 Rh7 34. Kh2 Rd7 35. b4
Rc8 36. bxc5 bxc5 37. Qc4 Rc6 38. Rb1 Kh7 39. Qf1 Rb6 40. Rxb6 axb6 41. Rg1 Ra7
42. Qd3 Qc6 43. Nh4 Qe6 44. Rb1 Qc8 45. Re1 Ne7 46. Ra1 Qa6 47. c4 Qc8 48. Rb1
Qc6 49. Bc1 Ra6 50. Rb3 Qe6 51. Nf3 Ra4 52. Nd2 g5 53. fxg5 Bxg5 54. Qf3 Bxd2
55. Bxd2 Rxc4 56. Qxh5+ Kg7 57. Rf3 Rc2 1/2-1/2

[Event "Torneo Ciudad de Berazategui 2007"]
[Site "Berazategui ARG"]
[Date "2007.04.22"]
[Round "7.10"]
[White "Tristan, Leonardo"]
[Black "Fernandez Sanchez, Fernando"]
[Result "0-1"]
[WhiteElo "2372"]
[BlackElo "2207"]
[PlyCount "114"]
[EventDate "2007.04.18"]
[EventType "swiss"]
[EventRounds "7"]
[EventCountry "ARG"]
[Source "lmi"]
[SourceDate "2007.04.19"]

1. e4 c5 2. Nf3 Nc6 3. d4 cxd4 4. Nxd4 g6 5. Nc3 Bg7 6. Be3 Nf6 7. Bc4 O-O 8.
Bb3 a5 9. a4 Ng4 10. Qxg4 Nxd4 11. Qh4 Ra6 12. Rd1 Nxb3 13. cxb3 d6 14. Bg5 Re8
15. O-O Be6 16. Nd5 Bxd5 17. exd5 Rb6 18. Qc4 Bxb2 19. Bd2 Qa8 20. Qc7 Qa6 21.
Qd7 Qa8 22. Rb1 Bd4 23. Bxa5 Ra6 24. Bd2 Ra7 25. Rfe1 b6 26. Qb5 Rc8 27. Rbc1
Rc5 28. Rxc5 bxc5 29. a5 Rb7 30. Qc4 Qb8 31. b4 Qe8 32. Qa6 Qb8 33. Qc4 Qe8 34.
bxc5 dxc5 35. d6 Rb2 36. Rxe7 Rb1+ 37. Bc1 Qf8 38. a6 Bb2 39. Re1 Rxc1 40. Rxc1
Bxc1 41. a7 Qa8 42. Qxc5 Bb2 43. d7 Kg7 44. Qe7 Qxa7 45. g3 Qa1+ 46. Kg2 Qa8+
47. f3 Bf6 48. Qe8 Qd5 49. h4 h5 50. Kh2 Qd2+ 51. Kh3 Qd1 52. Kh2 Bd4 53. g4
Qg1+ 54. Kh3 Qf1+ 55. Kg3 Bf2+ 56. Kf4 Qc1+ 57. Ke4 Qc4+ 0-1